000 00601nam a22001577a 4500
003 OSt
005 20151201092313.0
008 151201b xxu||||| |||| 00| 0 eng d
040 _cRUA
082 _aFIS LAY 2000 B172 Or.1
100 _94048
_aLAY, CHANTHY.
245 _adried channa spp processing and exportation of lian heng trading co, ltd (ការកែច្នៃ និង ការនាំចេញត្រីងៀតចំរៀករ៉ស់នៃក្រុមហ៊ុន លាន ហេង)
260 _aPhnom Penh
_bRUA
_c2000
300 _a42p.
_bill.
_c29cm.
942 _2ddc
_cFIS
999 _c3766
_d3766